000
00299nam a2200133Ia 4500
005
20251222144632.0
008
251222s9999||||xx |||||||||||||| ||spa||
082
_a
616.86/F11
100
_a
Fàbregas Poveda, J.
245
0
_a
La Toxicomania
250
_a
1ra.ed.
264
_b
Espaxs
942
_c
LIB
999
_c
16340
_d
16340